<?xml version="1.0" encoding="UTF-8"?>
<record
    xmlns:xsi="http://www.w3.org/2001/XMLSchema-instance"
    xsi:schemaLocation="http://www.loc.gov/MARC21/slim http://www.loc.gov/standards/marcxml/schema/MARC21slim.xsd"
    xmlns="http://www.loc.gov/MARC21/slim">

  <leader>00581nam a2200193Ia 4500</leader>
  <controlfield tag="005">20221202155524.0</controlfield>
  <controlfield tag="008">210716s2012    xx            000 0 und d</controlfield>
  <datafield tag="020" ind1=" " ind2=" ">
    <subfield code="a">9780123745149</subfield>
  </datafield>
  <datafield tag="040" ind1=" " ind2=" ">
    <subfield code="c">AIMIT LIBRARY</subfield>
  </datafield>
  <datafield tag="041" ind1=" " ind2=" ">
    <subfield code="a">eng</subfield>
  </datafield>
  <datafield tag="082" ind1=" " ind2=" ">
    <subfield code="a">005.13 </subfield>
    <subfield code="2">3</subfield>
    <subfield code="b">SCOM</subfield>
  </datafield>
  <datafield tag="100" ind1=" " ind2=" ">
    <subfield code="a">Scott, Michael L.</subfield>
    <subfield code="9">64602</subfield>
  </datafield>
  <datafield tag="245" ind1=" " ind2=" ">
    <subfield code="a">Programming language pragmatics /</subfield>
    <subfield code="c">By Michael L. Scott.</subfield>
  </datafield>
  <datafield tag="250" ind1=" " ind2=" ">
    <subfield code="a">3rd ed.</subfield>
  </datafield>
  <datafield tag="260" ind1=" " ind2=" ">
    <subfield code="a">New Delhi :</subfield>
    <subfield code="b">Reed Elsevier India Pvt Ltd ,</subfield>
    <subfield code="c">2012.</subfield>
  </datafield>
  <datafield tag="300" ind1=" " ind2=" ">
    <subfield code="a">xxx,910p. ;</subfield>
    <subfield code="b">PB</subfield>
    <subfield code="c">24 cm</subfield>
  </datafield>
  <datafield tag="650" ind1=" " ind2=" ">
    <subfield code="a">Programming Languages</subfield>
    <subfield code="9">64603</subfield>
  </datafield>
  <datafield tag="942" ind1=" " ind2=" ">
    <subfield code="2">ddc</subfield>
    <subfield code="c">BK</subfield>
    <subfield code="e">3rd</subfield>
    <subfield code="k">005.13 SCOM</subfield>
  </datafield>
  <datafield tag="999" ind1=" " ind2=" ">
    <subfield code="c">193704</subfield>
    <subfield code="d">193704</subfield>
  </datafield>
  <datafield tag="952" ind1=" " ind2=" ">
    <subfield code="0">0</subfield>
    <subfield code="1">0</subfield>
    <subfield code="2">ddc</subfield>
    <subfield code="4">0</subfield>
    <subfield code="7">0</subfield>
    <subfield code="8">MCA</subfield>
    <subfield code="a">AIMIT</subfield>
    <subfield code="b">AIMIT</subfield>
    <subfield code="d">2022-12-02</subfield>
    <subfield code="e">Knowledge World</subfield>
    <subfield code="g">550.00</subfield>
    <subfield code="i">Bill no:1790; Bill dt:2013-12-05</subfield>
    <subfield code="l">0</subfield>
    <subfield code="o">005.13 SCOM</subfield>
    <subfield code="p">MCA13212</subfield>
    <subfield code="r">2025-07-21 00:00:00</subfield>
    <subfield code="v">412.50</subfield>
    <subfield code="w">2021-07-16</subfield>
    <subfield code="y">BK</subfield>
  </datafield>
  <datafield tag="952" ind1=" " ind2=" ">
    <subfield code="0">0</subfield>
    <subfield code="1">0</subfield>
    <subfield code="2">ddc</subfield>
    <subfield code="4">0</subfield>
    <subfield code="7">3</subfield>
    <subfield code="8">MCA</subfield>
    <subfield code="a">AIMIT</subfield>
    <subfield code="b">AIMIT</subfield>
    <subfield code="d">2022-12-02</subfield>
    <subfield code="e">Higginbothams Pvt Ltd</subfield>
    <subfield code="g">565.00</subfield>
    <subfield code="i">Bill no:1762; Bill dt:2014-08-11</subfield>
    <subfield code="l">0</subfield>
    <subfield code="o">005.13 SCOM</subfield>
    <subfield code="p">MCA13687</subfield>
    <subfield code="r">2025-07-21 00:00:00</subfield>
    <subfield code="v">423.75</subfield>
    <subfield code="w">2021-07-16</subfield>
    <subfield code="y">BK</subfield>
  </datafield>
  <datafield tag="952" ind1=" " ind2=" ">
    <subfield code="0">0</subfield>
    <subfield code="1">0</subfield>
    <subfield code="2">ddc</subfield>
    <subfield code="4">0</subfield>
    <subfield code="7">0</subfield>
    <subfield code="8">MCA</subfield>
    <subfield code="a">AIMIT</subfield>
    <subfield code="b">AIMIT</subfield>
    <subfield code="d">2022-12-02</subfield>
    <subfield code="e">Higginbothams Pvt Ltd</subfield>
    <subfield code="g">565.00</subfield>
    <subfield code="i">Bill no:1762; Bill dt:2014-08-11</subfield>
    <subfield code="l">0</subfield>
    <subfield code="o">005.13 SCOM</subfield>
    <subfield code="p">MCA13688</subfield>
    <subfield code="r">2025-07-21 00:00:00</subfield>
    <subfield code="v">423.75</subfield>
    <subfield code="w">2021-07-16</subfield>
    <subfield code="y">BK</subfield>
  </datafield>
  <datafield tag="952" ind1=" " ind2=" ">
    <subfield code="0">0</subfield>
    <subfield code="1">0</subfield>
    <subfield code="2">ddc</subfield>
    <subfield code="4">0</subfield>
    <subfield code="7">0</subfield>
    <subfield code="8">MCA</subfield>
    <subfield code="a">AIMIT</subfield>
    <subfield code="b">AIMIT</subfield>
    <subfield code="d">2022-12-02</subfield>
    <subfield code="e">Higginbothams Pvt Ltd</subfield>
    <subfield code="g">565.00</subfield>
    <subfield code="i">Bill no:1762; Bill dt:2014-08-11</subfield>
    <subfield code="l">0</subfield>
    <subfield code="o">005.13 SCOM</subfield>
    <subfield code="p">MCA13689</subfield>
    <subfield code="r">2025-07-21 00:00:00</subfield>
    <subfield code="v">423.75</subfield>
    <subfield code="w">2021-07-16</subfield>
    <subfield code="y">BK</subfield>
  </datafield>
  <datafield tag="952" ind1=" " ind2=" ">
    <subfield code="0">0</subfield>
    <subfield code="1">0</subfield>
    <subfield code="2">ddc</subfield>
    <subfield code="4">0</subfield>
    <subfield code="7">0</subfield>
    <subfield code="8">MCA</subfield>
    <subfield code="a">AIMIT</subfield>
    <subfield code="b">AIMIT</subfield>
    <subfield code="d">2022-12-02</subfield>
    <subfield code="e">Higginbothams Pvt Ltd</subfield>
    <subfield code="g">565.00</subfield>
    <subfield code="i">Bill no:1762; Bill dt:2014-08-11</subfield>
    <subfield code="l">0</subfield>
    <subfield code="o">005.13 SCOM</subfield>
    <subfield code="p">MCA13690</subfield>
    <subfield code="r">2025-07-21 00:00:00</subfield>
    <subfield code="v">423.75</subfield>
    <subfield code="w">2021-07-16</subfield>
    <subfield code="y">BK</subfield>
  </datafield>
  <datafield tag="952" ind1=" " ind2=" ">
    <subfield code="0">0</subfield>
    <subfield code="1">0</subfield>
    <subfield code="2">ddc</subfield>
    <subfield code="4">0</subfield>
    <subfield code="7">0</subfield>
    <subfield code="8">MCA</subfield>
    <subfield code="a">AIMIT</subfield>
    <subfield code="b">AIMIT</subfield>
    <subfield code="d">2022-12-02</subfield>
    <subfield code="e">Higginbothams Pvt Ltd</subfield>
    <subfield code="g">565.00</subfield>
    <subfield code="i">Bill no:1762; Bill dt:2014-08-11</subfield>
    <subfield code="l">0</subfield>
    <subfield code="o">005.13 SCOM</subfield>
    <subfield code="p">MCA13691</subfield>
    <subfield code="r">2025-07-21 00:00:00</subfield>
    <subfield code="v">423.75</subfield>
    <subfield code="w">2021-07-16</subfield>
    <subfield code="y">BK</subfield>
  </datafield>
</record>
